Erfolgreichste Länder in Basketball-WMs A-Z (Frauen) - Statistiken

Allgemein
  • Dieses Quiz wurde 23 mal gespielt
  • Das Durchschnittsergebnis liegt bei 13 aus 19
Antwortstatistiken
# Ergebnis Land % Korrekt
C Silber (2x) China
95%
F Bronze (1x) Frankreich
95%
B Gold (1x) Brasilien
91%
J Gold (1x) Japan | Jugoslawien
91%
V Gold (11x) Vereinigte Staaten
91%
I 4. Platz (1x) Italien
86%
K Bronze (2x) Kanada
86%
N 8. Platz (1x) Niederlande | Nigeria | Nordkorea
82%
R Silber (3x) Russland
82%
A Gold (1x) Australien
77%
G 11. Platz (2x) Griechenland
73%
L 6. Platz (2x) Litauen
64%
U 5. Platz (1x) Ungarn
64%
M 6. Platz (1x) Mexiko
59%
S Gold (6x) Sowjetunion
45%
D 4. Platz (1x) DDR
41%
T Silber (2x) Tschechoslowakei
41%
E 12. Platz (1x) Ecuador
36%
P 5. Platz (1x) Paraguay
32%
Keine übereinstimmenden Quizze gefunden
Verteilung der Resultate
Anzahl Personen mit jedem Resultat
Perzentil nach korrekt beantworteten Fragen
Ihre Resultats-Entwicklung
Sie haben dieses Quiz noch nicht gespielt